000 01221cam a2200265 a 4500
001 000010869
005 20200929162317.0
008 050317s2005 xxc 001 0 eng d
020 _a9292250116
040 _aDO-SdBNP
_beng
_cLC
_dBNPHU
050 0 0 _aK3488.A41992
_bH36 2005
082 _a346.04/695
_bH236
245 0 0 _aHandbook of the convention on biological diversity :
_bincluding its Cartagena protocol on biosafety.
246 3 0 _aConvention on Biological Diversity
250 _a3a ed.
260 _aMontréal :
_bSecretariat of the Convention on Biological Diversity,
_c2005.
300 _axl, 1493 p. ;
_c24 cm.
500 _a"Se ha actualizado para incluir los resultados de la 7ª reunión de la Conferencia de las Partes en la Convención y la 1ª reunión de la Conferencia de las Partes que actúa como reunión de las Partes en el Protocolo de Cartagena sobre Seguridad de la Biotecnología"
500 _aIncluye índice.
630 0 0 _aConvention on Biological Diversity
_d(1992)
_926205
650 0 _aBiodiversity conservation
_xLaw and legislation.
_926206
710 1 _aSecretariat of the Convention on Biological Diversity.
_926207
910 _aCatalogación por copia / LC
049 _aBNGR
999 _c10618
_d10618